000 00399pab a2200169 454500
008 180718b2011 xxu||||| |||| 00| 0 eng d
100 _aVerma, A.K.
245 _aAnna's anti-Congressism
260 _c2011
300 _ap.15-16.
362 _a21 Oct
650 _aIndia - Politics and government
650 _aPolitics and government
773 _aMainstream
908 _aN
909 _a93741
999 _c93741
_d93741